For their sakes I sanctify myself (Record no. 15620)

MARC details
000 -LEADER
campo de control de longitud fija 00515ntaaa2200193 4500
003 - IDENTIFICADOR DE NÚMERO DE CONTROL
campo de control 01
005 - FECHA Y HORA DE LA ÚLTIMA TRANSACCIÓN
campo de control 20251027202057.0
008 - DATOS DE LONGITUD FIJA--INFORMACIÓN GENERAL
campo de control de longitud fija 0714s1973 ag 01
040 ## - FUENTE DE CATALOGACIÓN
Centro catalogador/agencia de origen AR-BaBN
Lengua de catalogación spa
Centro/agencia transcriptor AR-BaBN
Normas de descripción aacr
Centro/agencia modificador RIC
082 ## - NÚMERO DE LA CLASIFICACIÓN DECIMAL DEWEY
Número de clasificación 252.0000 M12
100 ## - ENTRADA PRINCIPAL--NOMBRE DE PERSONA
Nombre de persona Macartney, H.B.
9 (RLIN) 19330
245 ## - MENCIÓN DEL TÍTULO
Título For their sakes I sanctify myself
250 ## - MENCION DE EDICION
Mención de edición 1 ed.
260 ## - PUBLICACIÓN, DISTRIBUCIÓN, ETC.
Lugar de publicación, distribución, etc. London :
Nombre del editor, distribuidor, etc. John F. Shaw Co,
Fecha de publicación, distribución, etc. c1895
300 ## - DESCRIPCIÓN FÍSICA
Extensión 195 p
500 ## - NOTA GENERAL
Nota general Sermons and addresses.Ejemplar dedicado por el autor
650 ## - PUNTO DE ACCESO ADICIONAL DE MATERIA--TÉRMINO DE MATERIA
Término de materia o nombre geográfico como elemento de entrada sermones
9 (RLIN) 362
942 ## - ELEMENTOS DE ENTRADA SECUNDARIOS (KOHA)
Tipo de ítem Koha Colección General
Holdings
Estatus retirado Estado de pérdida Estado de daño No para préstamo Biblioteca de origen Biblioteca actual Fecha de adquisición Número de inventario Total de préstamos Signatura topográfica completa Código de barras Visto por última vez Precio de reemplazo Tipo de ítem Koha
        Biblioteca Pluis Biblioteca Pluis 27/10/2025 09118   252.0000 M12 09118 27/10/2025 27/10/2025 Colección General